[Event "16th Dortmund Meeting"]
[Site "Dortmund GER"]
[Date "1988.??.??"]
[Round "1"]
[White "Hansen, Curt"]
[Black "King, Daniel John"]
[WhiteElo "2560"]
[BlackElo "2475"]
[Result "1/2-1/2"]
[EventDate "1988.03.??"]
[PlyCount "43"]

1.c4 e6 2.Nf3 Nf6 3.g3 a6 4.Bg2 b5 5.d3 Bb7 6.O-O c5 7.Na3 Bc6 8.e4 d6 9.
b4 cxb4 10.cxb5 axb5 11.Nc2 Ra4 12.Bd2 Na6 13.Qb1 Be7 14.Nxb4 Nxb4 15.Bxb4
O-O 16.a3 Qb6 17.Ra2 Re8 18.Rc1 Bd7 19.d4 Raa8 20.h3 h6 21.Re2 Rac8 22.
Rxc8 1/2-1/2

[Event "16th Dortmund Meeting"]
[Site "Dortmund GER"]
[Date "1988.??.??"]
[Round "1"]
[White "Olafsson, Helgi"]
[Black "Eingorn, Viacheslav"]
[WhiteElo "2510"]
[BlackElo "2570"]
[Result "0-1"]
[EventDate "1988.03.??"]
[PlyCount "128"]

1.d4 e6 2.Nf3 Nf6 3.c4 d5 4.Nc3 Nbd7 5.Bg5 h6 6.Bh4 Be7 7.e3 O-O 8.Rc1 Re8
9.Qc2 c6 10.Bd3 a6 11.cxd5 exd5 12.O-O Ne4 13.Bxe7 Qxe7 14.Rce1 Ndf6 15.
Ne5 Bf5 16.f3 Nxc3 17.bxc3 Bxd3 18.Nxd3 Qc7 19.c4 dxc4 20.Qxc4 Rad8 21.Re2
Re7 22.g3 Qa5 23.Rfe1 Nd5 24.Qc5 Qb5 25.Qxb5 axb5 26.Kf2 Ra8 27.Rd2 Nb6 
28.Nb4 Rd7 29.Ree2 Rd6 30.Rd3 Ra4 31.Rb3 Nc4 32.Nd3 Ra7 33.Nb2 Nb6 34.Nd3 
Rd8 35.g4 Nc4 36.h4 g6 37.Rc2 Kg7 38.Nc5 Rda8 39.Nxb7 Rxa2 40.Re2 Rxe2+ 
41.Kxe2 Ra2+ 42.Kd3 Rd2+ 43.Ke4 Kf6 44.Nd8 Nd6+ 45.Kf4 Rc2 46.Ra3 g5+ 47.
hxg5+ hxg5+ 48.Kg3 b4 49.Rb3 Ke7 50.Nxc6+ Rxc6 51.Rxb4 Rc3 52.Kf2 Nc4 53.
Rb5 Kf6 54.e4 Rd3 55.Rd5 Kg6 56.e5 Kg7 57.Ke2 Rd2+ 58.Ke1 Kf8 59.e6 fxe6 
60.Rxg5 Rxd4 61.Rc5 Ke7 62.Kf2 Kf6 63.Kg3 Ne5 64.Rc3 Ng6 0-1

[Event "16th Dortmund Meeting"]
[Site "Dortmund GER"]
[Date "1988.??.??"]
[Round "1"]
[White "Pinter, Jozsef"]
[Black "Mainka, Romuald"]
[WhiteElo "2570"]
[BlackElo "2450"]
[Result "1-0"]
[EventDate "1988.03.??"]
[PlyCount "81"]

1.d4 Nf6 2.c4 c5 3.d5 b5 4.cxb5 a6 5.e3 g6 6.Nc3 Bg7 7.e4 O-O 8.a4 Bb7 9.
Bc4 axb5 10.Bxb5 e6 11.Nge2 Na6 12.Bg5 h6 13.Bh4 g5 14.Bg3 exd5 15.exd5 
Re8 16.O-O Nb4 17.Rc1 Rc8 18.Qb3 Qb6 19.Rfd1 Ba6 20.Qc4 Bxb5 21.axb5 Qb7 
22.Kf1 Bf8 23.h4 d6 24.hxg5 hxg5 25.Ng1 Qd7 26.Nf3 Qf5 27.Kg1 Nd7 28.Nh2 
Nb6 29.Qg4 Qg6 30.Nf3 Bh6 31.Ra1 f5 32.Nh4 fxg4 33.Nxg6 Kf7 34.Bxd6 Kxg6 
35.Ra7 Bg7 36.Bc7 Nc4 37.d6 Red8 38.d7 Rxc7 39.Rxc7 Ne5 40.b6 Nbd3 41.b7 
1-0

[Event "16th Dortmund Meeting"]
[Site "Dortmund GER"]
[Date "1988.??.??"]
[Round "1"]
[White "Popovic, Petar"]
[Black "Kindermann, Stefan"]
[WhiteElo "2570"]
[BlackElo "2500"]
[Result "0-1"]
[EventDate "1988.03.??"]
[PlyCount "58"]

1.e4 e6 2.d4 d5 3.Nd2 Nf6 4.e5 Nfd7 5.c3 c5 6.Bd3 Nc6 7.Ne2 Qb6 8.Nf3 cxd4
9.cxd4 f6 10.exf6 Nxf6 11.O-O Bd6 12.Nc3 O-O 13.Be3 Bd7 14.a3 Kh8 15.h3 
Rae8 16.b4 Qd8 17.Rc1 a6 18.b5 axb5 19.Nxb5 Bb8 20.Qc2 Ne4 21.Rfd1 Rxf3 
22.gxf3 Ng5 23.Kg2 Qf6 24.f4 Bxf4 25.Qd2 e5 26.Rh1 Nf3 27.dxe5 Ncxe5 28.
Qe2 Qg5+ 29.Kf1 Bxh3+ 0-1

[Event "16th Dortmund Meeting"]
[Site "Dortmund GER"]
[Date "1988.??.??"]
[Round "1"]
[White "Wilder, Michael"]
[Black "Lputian, Smbat"]
[WhiteElo "2535"]
[BlackElo "2555"]
[Result "0-1"]
[EventDate "1988.03.??"]
[PlyCount "60"]

1.e4 e6 2.d3 d5 3.Nd2 Nf6 4.Ngf3 Nc6 5.c3 a5 6.Qc2 e5 7.Be2 Be7 8.h3 O-O 
9.g4 a4 10.Nf1 d4 11.Ng3 a3 12.Kf1 Be6 13.Kg2 Nd7 14.cxd4 exd4 15.bxa3 Nb6
16.Nh5 Bxa3 17.Nf4 Nb4 18.Qd2 c5 19.Bxa3 Rxa3 20.Rhc1 Qd6 21.e5 Qe7 22.Nh5
N6d5 23.Rxc5 Qxc5 24.Qg5 g6 25.Qh6 gxh5 26.Ng5 Re8 27.Nxh7 Nxd3 28.Bxd3 
Rxd3 29.Kh2 Qc3 30.Rc1 Rxh3+ 0-1

[Event "16th Dortmund Meeting"]
[Site "Dortmund GER"]
[Date "1988.??.??"]
[Round "2"]
[White "Eingorn, Viacheslav"]
[Black "Mainka, Romuald"]
[WhiteElo "2570"]
[BlackElo "2450"]
[Result "1-0"]
[EventDate "1988.03.??"]
[PlyCount "99"]

1.d4 Nf6 2.Nf3 e6 3.c4 b6 4.g3 Ba6 5.b3 Bb4+ 6.Bd2 Be7 7.Qc2 Bb7 8.Bg2 c5 
9.dxc5 bxc5 10.O-O O-O 11.Nc3 d6 12.Rad1 Qb6 13.Bg5 h6 14.Bxf6 Bxf6 15.e3 
Rd8 16.Ne1 Nc6 17.Nd3 Rac8 18.Ne2 d5 19.cxd5 Nb4 20.Nxb4 cxb4 21.Qb1 exd5 
22.Nd4 Rc5 23.Rd2 Rdc8 24.Rfd1 Qa5 25.h4 Bxd4 26.Rxd4 Rc2 27.R4d2 Qc5 28.
h5 Qc3 29.Rxc2 Qxc2 30.Qxc2 Rxc2 31.Bxd5 Bxd5 32.Rxd5 Rxa2 33.Rd8+ Kh7 34.
Rf8 f6 35.g4 a5 36.Kg2 Ra3 37.Ra8 Rxb3 38.Rxa5 Rc3 39.Rb5 Rc4 40.Kg3 Kg8 
41.Rb8+ Kf7 42.Rb7+ Kf8 43.f3 Rc3 44.Kf4 Rc4+ 45.Kf5 Rc5+ 46.Kg6 Rg5+ 47.
Kh7 f5 48.Rxb4 fxg4 49.Rxg4 Rf5 50.Rf4 1-0

[Event "16th Dortmund Meeting"]
[Site "Dortmund GER"]
[Date "1988.??.??"]
[Round "2"]
[White "Kindermann, Stefan"]
[Black "Pinter, Jozsef"]
[WhiteElo "2500"]
[BlackElo "2570"]
[Result "1/2-1/2"]
[EventDate "1988.03.??"]
[PlyCount "127"]

1.e4 e5 2.Nf3 Nc6 3.Bb5 a6 4.Ba4 Nf6 5.O-O Be7 6.Re1 b5 7.Bb3 d6 8.c3 O-O 
9.h3 h6 10.d4 Re8 11.Nbd2 Bf8 12.a3 Bd7 13.Ba2 a5 14.d5 Nb8 15.Nh2 c6 16.
Ng4 Nxg4 17.hxg4 Qh4 18.f3 c5 19.a4 b4 20.Bc4 Be7 21.Nf1 Na6 22.Bb5 Nb8 
23.Be3 Bf8 24.cxb4 axb4 25.Qe2 Qd8 26.Nd2 Qc7 27.b3 Be7 28.g3 Qb7 29.Bd3 
Bc8 30.Kg2 Nd7 31.Bb5 Qc7 32.Rh1 Qd8 33.Rh5 f6 34.Rah1 Bf8 35.Nc4 Qe7 36.
Bd2 Rd8 37.Ne3 g6 38.R5h2 Ra7 39.Nc4 g5 40.Bc1 Bg7 41.f4 Nf8 42.fxe5 fxe5 
43.Ne3 Nh7 44.Nf5 Bxf5 45.gxf5 Rf8 46.Rxh6 Bxh6 47.Rxh6 Rf6 48.Qh5 Rxh6 
49.Qxh6 Qf6 50.Qh5 Qf7 51.Qh6 Qf6 52.Qh5 Qf7 53.Qh3 Qg7 54.Kf3 Nf6 55.Qh1 
g4+ 56.Ke3 Qh7 57.Qxh7+ Kxh7 58.Bd2 Kg7 59.Kd3 Kf7 60.Bg5 Kg7 61.Ke3 Kf7 
62.Be2 Kg7 63.Bd3 Kf7 64.Be2 1/2-1/2

[Event "16th Dortmund Meeting"]
[Site "Dortmund GER"]
[Date "1988.??.??"]
[Round "2"]
[White "King, Daniel John"]
[Black "Wilder, Michael"]
[WhiteElo "2475"]
[BlackElo "2535"]
[Result "1-0"]
[EventDate "1988.03.??"]
[PlyCount "105"]

1.e4 c5 2.Nf3 d6 3.d4 cxd4 4.Nxd4 Nf6 5.Nc3 Nc6 6.Be2 g6 7.O-O Bg7 8.Nb3 
O-O 9.Bg5 Be6 10.Kh1 a5 11.a4 Rc8 12.f4 Nb4 13.Nd4 Bc4 14.Ndb5 Qb6 15.Bxc4
Rxc4 16.Qe2 Rfc8 17.Rad1 Qc5 18.e5 dxe5 19.fxe5 Ng4 20.b3 Rxc3 21.Nxc3 h5 
22.Ne4 Qxe5 23.Bf4 Qf6 24.Qf3 Nxc2 25.Ng5 Qc6 26.Qxc6 bxc6 27.Rd7 Nce3 28.
Rc1 Nf5 29.h3 Nf6 30.Rc7 Rxc7 31.Bxc7 Bh6 32.Bf4 Nd4 33.Ne6 Bxf4 34.Nxf4 
e5 35.Nd3 e4 36.Ne1 Nd5 37.Rc4 Nxb3 38.Rxe4 Nb4 39.Rc4 Kf8 40.Nc2 Nd2 41.
Rc5 Ne4 42.Re5 Nf2+ 43.Kg1 Nfd3 44.Re3 c5 45.Nxb4 Nxb4 46.Kf1 Nd5 47.Rb3 
Nb4 48.Rc3 Na6 49.Ke2 Ke7 50.Kd3 Kd6 51.Kc4 Nc7 52.Rf3 f5 53.Rg3 1-0

[Event "16th Dortmund Meeting"]
[Site "Dortmund GER"]
[Date "1988.??.??"]
[Round "2"]
[White "Lau, Ralf"]
[Black "Hansen, Curt"]
[WhiteElo "2540"]
[BlackElo "2560"]
[Result "1/2-1/2"]
[EventDate "1988.03.??"]
[PlyCount "20"]

1.e4 c5 2.Nf3 d6 3.d4 cxd4 4.Nxd4 Nf6 5.Nc3 a6 6.Be3 e6 7.Qd2 b5 8.f3 Nbd7
9.g4 h6 10.O-O-O Bb7 1/2-1/2

[Event "16th Dortmund Meeting"]
[Site "Dortmund GER"]
[Date "1988.??.??"]
[Round "2"]
[White "Olafsson, Helgi"]
[Black "Hort, Vlastimil"]
[WhiteElo "2510"]
[BlackElo "2590"]
[Result "1/2-1/2"]
[EventDate "1988.03.??"]
[PlyCount "21"]

1.d4 d6 2.c4 e5 3.g3 exd4 4.Qxd4 Nc6 5.Qe3+ Be6 6.Bg2 Nge7 7.Nd2 d5 8.cxd5
Nb4 9.Qb3 Bxd5 10.Bxd5 Qxd5 11.Qxd5 1/2-1/2

[Event "16th Dortmund Meeting"]
[Site "Dortmund GER"]
[Date "1988.??.??"]
[Round "3"]
[White "Eingorn, Viacheslav"]
[Black "Kindermann, Stefan"]
[WhiteElo "2570"]
[BlackElo "2500"]
[Result "1/2-1/2"]
[EventDate "1988.03.??"]
[PlyCount "44"]

1.d4 Nf6 2.Nf3 e6 3.c4 Bb4+ 4.Bd2 c5 5.Bxb4 cxb4 6.Nbd2 O-O 7.e3 d6 8.Bd3 
Re8 9.O-O e5 10.Qc2 Bg4 11.dxe5 dxe5 12.Ng5 h6 13.Nge4 Nbd7 14.c5 Qc7 15.
Rac1 Be6 16.Bc4 a5 17.Nd6 Re7 18.Nxb7 Bxc4 19.Qxc4 Qxb7 20.c6 Qb8 21.cxd7 
Rxd7 22.Rc2 Qd6 1/2-1/2

[Event "16th Dortmund Meeting"]
[Site "Dortmund GER"]
[Date "1988.??.??"]
[Round "3"]
[White "Mainka, Romuald"]
[Black "Olafsson, Helgi"]
[WhiteElo "2450"]
[BlackElo "2510"]
[Result "0-1"]
[EventDate "1988.03.??"]
[PlyCount "80"]

1.e4 c5 2.Nf3 d6 3.d4 cxd4 4.Nxd4 Nf6 5.Nc3 a6 6.Be3 e6 7.Qd2 b5 8.f3 Nbd7
9.g4 h6 10.O-O-O Bb7 11.Bd3 Ne5 12.Rhe1 b4 13.Na4 d5 14.exd5 Nxd5 15.Bf2 
Bd6 16.Bg3 Nxd3+ 17.Qxd3 O-O 18.Kb1 Rc8 19.Ne2 Bxg3 20.hxg3 Qa5 21.c4 Qxa4
22.cxd5 Bxd5 23.b3 Qc6 24.Nd4 Qb7 25.g5 hxg5 26.Rh1 f5 27.Qe2 Qe7 28.Qh2 
Qf6 29.Qh7+ Kf7 30.Nxf5 Qxf5+ 31.Qxf5+ exf5 32.Rxd5 Kg6 33.Rhd1 Rc3 34.g4 
Rxf3 35.gxf5+ R8xf5 36.Rd6+ Rf6 37.R6d4 Rf1 38.Kc1 a5 39.Rd5 R6f5 40.Rd6+ 
Kh5 0-1

[Event "16th Dortmund Meeting"]
[Site "Dortmund GER"]
[Date "1988.??.??"]
[Round "3"]
[White "Pinter, Jozsef"]
[Black "Lputian, Smbat"]
[WhiteElo "2570"]
[BlackElo "2555"]
[Result "1/2-1/2"]
[EventDate "1988.03.??"]
[PlyCount "81"]

1.d4 e6 2.c4 d5 3.Nc3 c5 4.cxd5 exd5 5.Nf3 Nc6 6.g3 Nf6 7.Bg2 Be7 8.O-O 
O-O 9.Bg5 c4 10.Ne5 Be6 11.f4 Ng4 12.Bxe7 Nxe7 13.Qd2 f6 14.Nxg4 Bxg4 15.
Rfe1 Qd7 16.e4 dxe4 17.Nxe4 Rac8 18.Nf2 Bh5 19.d5 Rcd8 20.Ne4 Nxd5 21.Nc5 
Qd6 22.Ne6 Qb6+ 23.Qf2 Qxf2+ 24.Kxf2 Nb4 25.Nxd8 Rxd8 26.Re7 b5 27.g4 Bxg4
28.a4 Nc2 29.Rc1 Rd2+ 30.Kg3 Kf8 31.Rxa7 Ne3 32.Be4 Bd1 33.Ra8+ Kf7 34.
Rxd1 Nxd1 35.axb5 Rxb2 36.Bd5+ Kg6 37.Bxc4 Nc3 38.Bd3+ f5 39.Ra6+ Kh5 40.
Rc6 Nxb5 41.Bxf5 1/2-1/2

[Event "16th Dortmund Meeting"]
[Site "Dortmund GER"]
[Date "1988.??.??"]
[Round "3"]
[White "Popovic, Petar"]
[Black "King, Daniel John"]
[WhiteElo "2570"]
[BlackElo "2475"]
[Result "1/2-1/2"]
[EventDate "1988.03.??"]
[PlyCount "58"]

1.e4 c5 2.Nf3 d6 3.d4 cxd4 4.Nxd4 Nf6 5.Nc3 a6 6.g3 e5 7.Nb3 Be7 8.Bg2 
Nbd7 9.a4 b6 10.O-O Bb7 11.Re1 O-O 12.Nd2 Nc5 13.b3 b5 14.axb5 axb5 15.
Rxa8 Qxa8 16.Nxb5 Ncxe4 17.Nxe4 Nxe4 18.c4 Rd8 19.Qc2 Nf6 20.Bxb7 Qxb7 21.
Bg5 Ne8 22.Bd2 h6 23.Ra1 Qf3 24.Bb4 Nf6 25.Rd1 Ne4 26.Rd3 Qf5 27.Rd2 Qf3 
28.Rd3 Qf5 29.Rd2 Qf3 1/2-1/2

[Event "16th Dortmund Meeting"]
[Site "Dortmund GER"]
[Date "1988.??.??"]
[Round "3"]
[White "Wilder, Michael"]
[Black "Lau, Ralf"]
[WhiteElo "2535"]
[BlackElo "2540"]
[Result "1/2-1/2"]
[EventDate "1988.03.??"]
[PlyCount "24"]

1.Nf3 Nf6 2.c4 e6 3.g3 d5 4.Bg2 dxc4 5.Qa4+ Nbd7 6.Qxc4 c5 7.O-O a6 8.b3 
b5 9.Qc2 Bb7 10.Bb2 Be7 11.Nc3 O-O 12.Rfd1 Qb6 1/2-1/2

[Event "16th Dortmund Meeting"]
[Site "Dortmund GER"]
[Date "1988.??.??"]
[Round "4"]
[White "Hansen, Curt"]
[Black "Olafsson, Helgi"]
[WhiteElo "2560"]
[BlackElo "2510"]
[Result "0-1"]
[EventDate "1988.03.??"]
[PlyCount "106"]

1.d4 Nf6 2.c4 e6 3.Nf3 c5 4.d5 exd5 5.cxd5 d6 6.Nc3 g6 7.Nd2 Bg7 8.e4 O-O 
9.Be2 Na6 10.O-O Rb8 11.Nb5 Nc7 12.a4 a6 13.Nxc7 Qxc7 14.a5 Bd7 15.Re1 
Rfe8 16.Bf1 Bb5 17.Ra2 c4 18.f3 Qc5+ 19.Kh1 Nh5 20.Nb1 Qf2 21.Re2 Qh4 22.
Qe1 Qxe1 23.Rxe1 f5 24.Nc3 fxe4 25.fxe4 Bd4 26.g3 Nf6 27.Bd2 Bxc3 28.Bxc3 
Nxe4 29.Raa1 Nxc3 30.bxc3 Rxe1 31.Rxe1 Re8 32.Rxe8+ Bxe8 33.Kg2 Kf7 34.Kf3
Bb5 35.h4 Ke7 36.Kf4 Kd8 37.Kg5 b6 38.axb6 a5 39.Bg2 a4 40.Be4 a3 41.Bb1 
Ba4 42.Kh6 Bc2 43.Ba2 Bb3 44.Bb1 Kc8 45.g4 a2 46.Bxa2 Bxa2 47.Kxh7 Bb1 48.
Kg7 Kb7 49.Kf6 Kxb6 50.h5 gxh5 51.gxh5 Kc5 52.Ke6 Be4 53.h6 Bd3 0-1

[Event "16th Dortmund Meeting"]
[Site "Dortmund GER"]
[Date "1988.??.??"]
[Round "4"]
[White "Hort, Vlastimil"]
[Black "Wilder, Michael"]
[WhiteElo "2590"]
[BlackElo "2535"]
[Result "1/2-1/2"]
[EventDate "1988.03.??"]
[PlyCount "123"]

1.d4 Nf6 2.c4 e6 3.Nf3 b6 4.g3 Ba6 5.b3 Bb7 6.Bg2 Bb4+ 7.Bd2 c5 8.Bxb4 
cxb4 9.Nbd2 O-O 10.O-O Qe7 11.Qc1 a5 12.Re1 d6 13.Qb2 Re8 14.e3 Na6 15.h3 
Rad8 16.Rad1 Qc7 17.Qb1 Qb8 18.Ng5 Bxg2 19.Kxg2 h6 20.Nge4 Nxe4 21.Qxe4 d5
22.Qf3 Nc7 23.Rc1 e5 24.h4 exd4 25.exd4 Rxe1 26.Rxe1 Ne6 27.cxd5 Nxd4 28.
Qh5 Qa8 29.Nc4 g6 30.Qe5 Rxd5 31.Qe8+ Qxe8 32.Rxe8+ Kg7 33.Nxb6 Rc5 34.Ra8
Ne2 35.Nc4 Nc1 36.Rxa5 Rxa5 37.Nxa5 Nxa2 38.Kf3 Kf6 39.Ke4 Ke6 40.Kd4 g5 
41.hxg5 hxg5 42.Nc6 Kf5 43.Kd3 g4 44.Nd4+ Ke5 45.Ne2 f5 46.Ke3 Ke6 47.Kd4 
Kd6 48.Nf4 Nc3 49.Nd3 Ne4 50.Kc4 Nd2+ 51.Kxb4 Kd5 52.Nf4+ Kd4 53.Ne6+ Kd3 
54.Ka4 Ne4 55.b4 Kc4 56.Ka5 Nxf2 57.b5 Ne4 58.b6 Nd6 59.Ka6 Kd5 60.Nf4+ 
Kc6 61.Nh5 Ne4 62.Ng7 1/2-1/2

[Event "16th Dortmund Meeting"]
[Site "Dortmund GER"]
[Date "1988.??.??"]
[Round "4"]
[White "Kindermann, Stefan"]
[Black "Mainka, Romuald"]
[WhiteElo "2500"]
[BlackElo "2450"]
[Result "1-0"]
[EventDate "1988.03.??"]
[PlyCount "77"]

1.e4 e5 2.Nf3 Nc6 3.Bb5 a6 4.Ba4 Nf6 5.O-O b5 6.Bb3 Bb7 7.c3 Nxe4 8.d4 Na5
9.Bc2 exd4 10.b4 Nc4 11.Bxe4 Bxe4 12.Re1 d5 13.Nxd4 Bd6 14.f3 Qh4 15.h3 
Qg3 16.Nf5 Qh2+ 17.Kf2 O-O-O 18.fxe4 dxe4 19.Qg4 Kb8 20.Qxe4 Rhe8 21.Qxe8 
Rxe8 22.Rxe8+ Kb7 23.Nxd6+ Nxd6 24.Re1 Nf5 25.Nd2 Qg3+ 26.Kf1 Nh4 27.Re2 
f5 28.Rf2 f4 29.Ne4 Qh2 30.Bb2 Nf5 31.Ke2 Ng3+ 32.Kf3 Nxe4 33.Kxe4 Qg3 34.
Re2 g5 35.Rf1 h5 36.Rf3 Qh2 37.Kf5 Qg1 38.Kxg5 Qd1 39.Ref2 1-0

[Event "16th Dortmund Meeting"]
[Site "Dortmund GER"]
[Date "1988.??.??"]
[Round "4"]
[White "King, Daniel John"]
[Black "Pinter, Jozsef"]
[WhiteElo "2475"]
[BlackElo "2570"]
[Result "1-0"]
[EventDate "1988.03.??"]
[PlyCount "87"]

1.e4 c5 2.Nc3 d6 3.f4 g6 4.Nf3 Bg7 5.Bb5+ Bd7 6.Bxd7+ Qxd7 7.O-O Nc6 8.d3 
Nd4 9.Ne2 Nxf3+ 10.Rxf3 Nf6 11.f5 d5 12.exd5 Nxd5 13.Ng3 Be5 14.Qf1 Qc7 
15.c3 O-O-O 16.Bd2 Kb8 17.Re1 Bf6 18.a3 g5 19.c4 Nb6 20.Bc3 Nd7 21.Rfe3 h5
22.Qe2 Rh7 23.Re4 h4 24.Nf1 h3 25.g3 Bxc3 26.bxc3 Ne5 27.Rd1 Qd7 28.d4 Qa4
29.Ne3 Nc6 30.Qb2 Rd7 31.Rb1 cxd4 32.cxd4 Qa6 33.Qc3 Qa5 34.Qxa5 Nxa5 35.
d5 Rh8 36.c5 Rc8 37.c6 Rdc7 38.Ra4 Nxc6 39.dxc6 Rxc6 40.Re4 Rc1+ 41.Rxc1 
Rxc1+ 42.Kf2 Ra1 43.Rxe7 Rxa3 44.Nd5 1-0

[Event "16th Dortmund Meeting"]
[Site "Dortmund GER"]
[Date "1988.??.??"]
[Round "5"]
[White "Eingorn, Viacheslav"]
[Black "King, Daniel John"]
[WhiteElo "2570"]
[BlackElo "2475"]
[Result "1/2-1/2"]
[EventDate "1988.03.??"]
[PlyCount "87"]

1.Nf3 Nf6 2.c4 e6 3.Nc3 Bb4 4.Qc2 d5 5.a3 Bxc3 6.Qxc3 O-O 7.e3 b6 8.b4 c5 
9.Bb2 Ba6 10.d3 Nbd7 11.Be2 Rc8 12.b5 Bb7 13.a4 Ne8 14.O-O f6 15.Qb3 Nd6 
16.a5 Qe7 17.Nd2 Qf7 18.Bf3 Rc7 19.axb6 axb6 20.Ra7 Rfc8 21.Rfa1 Nf8 22.
Qa4 dxc4 23.Bxb7 Rxb7 24.Rxb7 Qxb7 25.dxc4 Rd8 26.Qc2 Ra8 27.Rxa8 Qxa8 28.
Kf1 Qa2 29.Qc1 Kf7 30.Qa1 Qxa1+ 31.Bxa1 e5 32.f3 Ke6 33.Ke2 g6 34.Kd3 Nd7 
35.e4 f5 36.g4 f4 37.g5 Nf7 38.h4 h6 39.gxh6 Nxh6 40.Nb1 Nf7 41.Nc3 g5 42.
hxg5 Nxg5 43.Ke2 Kd6 44.Kf2 1/2-1/2

[Event "16th Dortmund Meeting"]
[Site "Dortmund GER"]
[Date "1988.??.??"]
[Round "5"]
[White "Mainka, Romuald"]
[Black "Lputian, Smbat"]
[WhiteElo "2450"]
[BlackElo "2555"]
[Result "0-1"]
[EventDate "1988.03.??"]
[PlyCount "60"]

1.e4 c5 2.Nf3 Nc6 3.d4 cxd4 4.Nxd4 e5 5.Nb5 d6 6.c4 Be6 7.N1c3 a6 8.Na3 
Rc8 9.Be2 Nd4 10.Be3 Nxe2 11.Qxe2 Be7 12.O-O Nf6 13.f3 O-O 14.Nd5 h6 15.
Rfd1 Nxd5 16.cxd5 Bd7 17.Nc4 Bb5 18.Rdc1 Bg5 19.b3 Bxc4 20.bxc4 Bxe3+ 21.
Qxe3 Rc5 22.a4 Qc7 23.a5 f5 24.Qb3 fxe4 25.fxe4 Rxa5 26.Rxa5 Qxa5 27.Rb1 
Qd2 28.h3 Qd4+ 29.Kh1 Qxe4 30.Qxb7 Qxc4 0-1

[Event "16th Dortmund Meeting"]
[Site "Dortmund GER"]
[Date "1988.??.??"]
[Round "5"]
[White "Olafsson, Helgi"]
[Black "Kindermann, Stefan"]
[WhiteElo "2510"]
[BlackElo "2500"]
[Result "1/2-1/2"]
[EventDate "1988.03.??"]
[PlyCount "62"]

1.Nf3 g6 2.c4 Bg7 3.d4 d6 4.Nc3 Nf6 5.e4 O-O 6.Be2 e5 7.dxe5 dxe5 8.Qxd8 
Rxd8 9.Bg5 c6 10.Nxe5 Re8 11.O-O-O Na6 12.f4 h6 13.Bh4 g5 14.Bg3 Nc5 15.
Bf3 g4 16.Bf2 gxf3 17.Bxc5 fxg2 18.Rhg1 Nh5 19.Be3 Bh3 20.Rd3 Rad8 21.Rxd8
Rxd8 22.Nd1 Bxe5 23.fxe5 Kh7 24.Nf2 Be6 25.b3 Rg8 26.Kd2 b5 27.cxb5 cxb5 
28.Ke2 Rc8 29.Kd3 Rg8 30.Ke2 Rc8 31.Kd3 Rg8 1/2-1/2

[Event "16th Dortmund Meeting"]
[Site "Dortmund GER"]
[Date "1988.??.??"]
[Round "5"]
[White "Pinter, Jozsef"]
[Black "Lau, Ralf"]
[WhiteElo "2570"]
[BlackElo "2540"]
[Result "1-0"]
[EventDate "1988.03.??"]
[PlyCount "77"]

1.d4 Nf6 2.c4 e6 3.Nf3 b6 4.g3 Ba6 5.b3 Bb4+ 6.Bd2 Bxd2+ 7.Qxd2 O-O 8.Nc3 
d5 9.Bg2 c6 10.Ne5 Bb7 11.O-O Nbd7 12.Rfd1 Qe7 13.Rac1 Rfd8 14.Qg5 h6 15.
Qh4 Kf8 16.f4 Rac8 17.e3 c5 18.g4 Ne4 19.Nxd7+ Rxd7 20.Qxe7+ Kxe7 21.Bxe4 
dxe4 22.dxc5 Rxd1+ 23.Rxd1 Rxc5 24.Rd4 e5 25.fxe5 Rxe5 26.Nb5 Re6 27.Kf2 
Rf6+ 28.Ke2 Rg6 29.h3 h5 30.gxh5 Rh6 31.Kf2 a6 32.Nc3 f5 33.Ne2 Rxh5 34.
Nf4 Rh6 35.h4 Bc6 36.Kg3 Rd6 37.b4 a5 38.a3 axb4 39.axb4 1-0

[Event "16th Dortmund Meeting"]
[Site "Dortmund GER"]
[Date "1988.??.??"]
[Round "5"]
[White "Wilder, Michael"]
[Black "Hansen, Curt"]
[WhiteElo "2535"]
[BlackElo "2560"]
[Result "1/2-1/2"]
[EventDate "1988.03.??"]
[PlyCount "46"]

1.d4 Nf6 2.c4 e6 3.Nc3 Bb4 4.e3 b6 5.Bd3 Bb7 6.Nf3 Ne4 7.O-O Bxc3 8.bxc3 
O-O 9.Ne1 f5 10.f3 Nd6 11.Ba3 Rf6 12.Qe2 Nc6 13.Nc2 e5 14.e4 f4 15.c5 Nf7 
16.Bc4 Kh8 17.Rfd1 Qe8 18.Nb4 Nxb4 19.cxb4 exd4 20.Rxd4 Ne5 21.Bd5 bxc5 
22.bxc5 Ba6 23.Qd1 Rb8 1/2-1/2

[Event "16th Dortmund Meeting"]
[Site "Dortmund GER"]
[Date "1988.??.??"]
[Round "6"]
[White "Eingorn, Viacheslav"]
[Black "Lau, Ralf"]
[WhiteElo "2570"]
[BlackElo "2540"]
[Result "1/2-1/2"]
[EventDate "1988.03.??"]
[PlyCount "162"]

1.Nf3 Nf6 2.c4 c5 3.Nc3 d5 4.cxd5 Nxd5 5.Qa4+ Bd7 6.Qe4 Nxc3 7.dxc3 Bc6 8.
Qf4 Nd7 9.e4 e6 10.Bd3 Qb8 11.O-O Qxf4 12.Bxf4 Be7 13.a4 O-O 14.Bb5 Rac8 
15.Rfd1 Nf6 16.Bxc6 Rxc6 17.Bg5 Rc7 18.Bxf6 Bxf6 19.Kf1 Rd8 20.Ne5 Kf8 21.
Rxd8+ Bxd8 22.Rd1 Ke8 23.Nc4 Be7 24.Ke2 Rd7 25.Rf1 Bd6 26.a5 Bc7 27.Ra1 
Rd8 28.h3 Ke7 29.Ke3 Rb8 30.f4 Kd7 31.e5 Kc6 32.g4 Rd8 33.Ke4 Rd7 34.b3 
Rd8 35.h4 Rd7 36.h5 Rd8 37.h6 g6 38.g5 Rd7 39.Ke3 Rd5 40.Nd2 Bd8 41.c4 Rd7
42.Ne4 Be7 43.a6 Rd8 44.Nc3 bxa6 45.Rxa6+ Kb7 46.Ra5 a6 47.Ra1 Ra8 48.Rd1 
Kc6 49.Ne4 Ra7 50.Rd2 Ra8 51.Rd3 Ra7 52.Kd2 Ra8 53.Kc2 Kc7 54.Kb2 Rb8 55.
Ka3 Kc6 56.Ka4 Rb4+ 57.Ka3 Rb8 58.Rd1 Ra8 59.Ka4 Rb8 60.Rd2 Rb4+ 61.Ka3 
Rb8 62.Rd3 Rb7 63.Nf2 Rb8 64.Nd1 Rb7 65.Ne3 Rb8 66.Rd1 Rb7 67.Rd2 Rb8 68.
Rd3 Rb7 69.Ng4 Rb4 70.Nf2 Rb8 71.Ka4 Rb4+ 72.Ka5 Rb8 73.Ne4 Bd8+ 74.Ka4 
Be7 75.Nf6 Bxf6 76.gxf6 Kc7 77.Ka5 Rb7 78.Kxa6 Rb8 79.Ka5 Rb7 80.Rg3 Kc6 
81.Rd3 Kc7 1/2-1/2

[Event "16th Dortmund Meeting"]
[Site "Dortmund GER"]
[Date "1988.??.??"]
[Round "6"]
[White "Hansen, Curt"]
[Black "Popovic, Petar"]
[WhiteElo "2560"]
[BlackElo "2570"]
[Result "1/2-1/2"]
[EventDate "1988.03.??"]
[PlyCount "58"]

1.c4 Nf6 2.Nc3 d5 3.cxd5 Nxd5 4.Nf3 g6 5.Qa4+ Bd7 6.Qh4 Nf6 7.d3 c5 8.Bh6 
Nc6 9.Bxf8 Kxf8 10.Qh6+ Kg8 11.e3 Nb4 12.Rc1 Be6 13.d4 cxd4 14.Nxd4 Bxa2 
15.Be2 e5 16.Nf3 Ng4 17.Qg5 Be6 18.Qxd8+ Rxd8 19.h3 Nf6 20.Nxe5 Kg7 21.O-O
Rd2 22.Bc4 Re8 23.Nb5 Bd5 24.Ng4 Bxc4 25.Rxc4 Nc6 26.Nxf6 Kxf6 27.b4 Kg7 
28.Rb1 Red8 29.Rcc1 f5 1/2-1/2

[Event "16th Dortmund Meeting"]
[Site "Dortmund GER"]
[Date "1988.??.??"]
[Round "6"]
[White "King, Daniel John"]
[Black "Mainka, Romuald"]
[WhiteElo "2475"]
[BlackElo "2450"]
[Result "0-1"]
[EventDate "1988.03.??"]
[PlyCount "96"]

1.e4 c5 2.Nc3 e6 3.f4 d5 4.Nf3 a6 5.g3 Nc6 6.Bg2 d4 7.Ne2 d3 8.cxd3 Qxd3 
9.O-O Nf6 10.Ne1 Qd7 11.Kh1 Be7 12.e5 Nd5 13.d4 O-O 14.dxc5 Bxc5 15.a3 a5 
16.Nd3 Be7 17.Nf2 b6 18.Nc3 Rd8 19.Nxd5 exd5 20.Bd2 a4 21.Bh3 Qa7 22.Bxc8 
Raxc8 23.Nd3 Nd4 24.f5 Bf8 25.Qg4 Nb3 26.Rad1 Rc4 27.Qg5 Re8 28.Bf4 Qb7 
29.Qh5 Rc2 30.Kg1 g6 31.fxg6 hxg6 32.Qg4 Bc5+ 33.Kh1 Bd4 34.Qf3 Bxb2 35.
Nb4 Rc3 36.Qxd5 Rc7 37.Qf3 Qxf3+ 38.Rxf3 Bxe5 39.Nd5 Rc6 40.Bxe5 Rxe5 41.
Nf6+ Kg7 42.Ng4 Re4 43.Nf2 Re2 44.Rd7 Rf6 45.Rxf6 Kxf6 46.Kg2 Nc5 47.Rd8 
Ra2 48.Kf1 Ke7 0-1

[Event "16th Dortmund Meeting"]
[Site "Dortmund GER"]
[Date "1988.??.??"]
[Round "6"]
[White "Lputian, Smbat"]
[Black "Kindermann, Stefan"]
[WhiteElo "2555"]
[BlackElo "2500"]
[Result "1/2-1/2"]
[EventDate "1988.03.??"]
[PlyCount "46"]

1.d4 Nf6 2.c4 e6 3.Nf3 Bb4+ 4.Nbd2 O-O 5.a3 Be7 6.g3 b6 7.Bg2 Bb7 8.O-O c5
9.b3 cxd4 10.Bb2 d6 11.Bxd4 a6 12.b4 Nbd7 13.Qb1 Qc7 14.Qb2 Rac8 15.Rac1 
Rfd8 16.Rfe1 Qb8 17.Qb1 Ba8 18.Bf1 Ng4 19.h3 Nge5 20.Bg2 Bf6 21.Red1 Nxf3+
22.Nxf3 Bxd4 23.Rxd4 Nf6 1/2-1/2

[Event "16th Dortmund Meeting"]
[Site "Dortmund GER"]
[Date "1988.??.??"]
[Round "6"]
[White "Olafsson, Helgi"]
[Black "Wilder, Michael"]
[WhiteElo "2510"]
[BlackElo "2535"]
[Result "1/2-1/2"]
[EventDate "1988.03.??"]
[PlyCount "58"]

1.Nf3 Nf6 2.c4 e6 3.Nc3 Bb4 4.Qc2 O-O 5.b3 d5 6.Bb2 Re8 7.e3 c6 8.d4 a5 9.
a3 Bd6 10.Be2 Nbd7 11.O-O dxc4 12.Bxc4 b5 13.Bd3 Bb7 14.Ne4 Nxe4 15.Bxe4 
f5 16.Bd3 c5 17.Ne5 cxd4 18.exd4 Rc8 19.Qe2 Nxe5 20.dxe5 Bc5 21.Kh1 b4 22.
axb4 axb4 23.Bc4 Qe7 24.f3 Red8 25.Rfd1 h6 26.Rd3 Rxd3 27.Qxd3 Kh7 28.Rd1 
Bc6 29.Qe2 Ra8 1/2-1/2